Leadership, management and team working in nursing / (Record no. 27071)
[ view plain ]
| 000 -LEADER | |
|---|---|
| fixed length control field | 01370pam a2200421 i 4500 |
| 001 - CONTROL NUMBER | |
| control field | 015701168 |
| 003 - CONTROL NUMBER IDENTIFIER | |
| control field | Uk |
| 005 - DATE AND TIME OF LATEST TRANSACTION | |
| control field | 20190207101340.0 |
| 008 - FIXED-LENGTH DATA ELEMENTS--GENERAL INFORMATION | |
| fixed length control field | 101117s2011 enka b 001 0 eng|d |
| 015 ## - | |
| -- | GBB0D9596 |
| -- | bnb |
| 016 7# - | |
| -- | 015701168 |
| -- | Uk |
| 020 ## - INTERNATIONAL STANDARD BOOK NUMBER | |
| International Standard Book Number | 9780857254535 (pbk.) : |
| 020 ## - INTERNATIONAL STANDARD BOOK NUMBER | |
| International Standard Book Number | 0857254537 (pbk.) : |
| 020 ## - INTERNATIONAL STANDARD BOOK NUMBER | |
| Cancelled/invalid ISBN | 9780857254559 (Adobe ebook) |
| 020 ## - INTERNATIONAL STANDARD BOOK NUMBER | |
| Cancelled/invalid ISBN | 9780857254542 (ePub ebook) |
| 020 ## - INTERNATIONAL STANDARD BOOK NUMBER | |
| Cancelled/invalid ISBN | 9780857254566 (Kindle) |
| 035 ## - SYSTEM CONTROL NUMBER | |
| System control number | (UkCU)5215982 |
| 040 ## - CATALOGING SOURCE | |
| Original cataloging agency | StDuBDS |
| Language of cataloging | eng |
| Transcribing agency | StDuBDS |
| Modifying agency | Uk |
| -- | EG-ScBUE |
| 082 04 - DEWEY DECIMAL CLASSIFICATION NUMBER | |
| Classification number | 362.173068 |
| Edition number | 22 |
| Item number | BAC |
| 100 1# - MAIN ENTRY--PERSONAL NAME | |
| Personal name | Bach, Shirley. |
| 9 (RLIN) | 36290 |
| 245 10 - TITLE STATEMENT | |
| Title | Leadership, management and team working in nursing / |
| Statement of responsibility, etc | Shirley Bach, Peter Ellis. |
| 264 ## - PUBLICATION, DISTRIBUTION, ETC. (IMPRINT) | |
| Place of publication, distribution, etc | London: |
| Name of publisher, distributor, etc | SAGE; |
| Date of publication, distribution, etc | 2011. |
| 300 ## - PHYSICAL DESCRIPTION | |
| Extent | vi, 162 pages: |
| Other physical details | illustration ; |
| Dimensions | 25 cm. |
| 336 ## - CONTENT TYPE | |
| Content type term | text |
| Source | rdacontent |
| 337 ## - MEDIA TYPE | |
| Media type term | unmediated |
| Source | rdamedia |
| 338 ## - CARRIER TYPE | |
| Carrier type term | volume |
| Source | rdacarrier |
| 490 1# - SERIES STATEMENT | |
| Series statement | Transforming nursing practice |
| 504 ## - BIBLIOGRAPHY, ETC. NOTE | |
| Bibliography, etc | Includes bibliographical references and index. |
| 650 #7 - SUBJECT ADDED ENTRY--TOPICAL TERM | |
| Topical term or geographic name as entry element | Nursing services |
| General subdivision | Administration. |
| 9 (RLIN) | 32499 |
| Source of heading or term | BUEsh |
| 650 #7 - SUBJECT ADDED ENTRY--TOPICAL TERM | |
| Topical term or geographic name as entry element | Leadership. |
| Source of heading or term | BUEsh |
| 650 #7 - SUBJECT ADDED ENTRY--TOPICAL TERM | |
| Topical term or geographic name as entry element | Team nursing. |
| Source of heading or term | BUEsh |
| 653 ## - INDEX TERM--UNCONTROLLED | |
| Resource For college | Nursing |
| Arrived date list | February2019 |
| 690 7# - | |
| -- | Social Welfare |
| -- | blcoll |
| 700 1# - ADDED ENTRY--PERSONAL NAME | |
| Personal name | Ellis, Peter, |
| Dates associated with a name | 1969- |
| 830 #0 - | |
| -- | Transforming nursing practice. |
| 942 ## - ADDED ENTRY ELEMENTS (KOHA) | |
| Source of classification or shelving scheme | Dewey Decimal Classification |
| Koha item type | Book - Borrowing |
| Withdrawn status | Lost status | Source of classification or shelving scheme | Damaged status | Not for loan | Collection code | Home library | Current library | Shelving location | Date acquired | Source of acquisition | Cost, normal purchase price | Serial Enumeration / chronology | Total Checkouts | Total Renewals | Full call number | Barcode | Date last seen | Date checked out | Price effective from | Koha item type |
|---|---|---|---|---|---|---|---|---|---|---|---|---|---|---|---|---|---|---|---|---|
| Dewey Decimal Classification | Baccah | Central Library | Central Library | First floor | 03/02/2019 | Purchase | 213.00 | 21201 | 2 | 9 | 362.173068 BAC | 000044129 | 15/07/2025 | 26/11/2020 | 03/02/2019 | Book - Borrowing |